Demonopolizace na první místo.

Rozhovor s bývalým rakúskym ministrom financií a terajším poradcom Svetovej banky. Otázky zamerané na štátnu finančnú politiku, štátny rozpočet, zahraničné investície, Medzinárodný menový fond, privatizáciu, súkromné podnikanie, transformáciu ekonomiky, poradenskú činnosť a perspektívy hospodárskeho...

Description complète

Enregistré dans:
Détails bibliographiques
Auteur principal: Androsch, H.
Autres auteurs: Dolečková, Marie
Format: Chapitre de livre
Langue:tchèque
Sujets:
Tags: Ajouter un tag
Pas de tags, Soyez le premier à ajouter un tag!

MARC

LEADER 00000naa a2200000 4500
001 r013358
005 20221213090101.0
041 0 |a cze 
044 |a SK 
245 1 0 |a Demonopolizace na první místo.  |c H. Androsch, Marie Dolečková 
520 |a Rozhovor s bývalým rakúskym ministrom financií a terajším poradcom Svetovej banky. Otázky zamerané na štátnu finančnú politiku, štátny rozpočet, zahraničné investície, Medzinárodný menový fond, privatizáciu, súkromné podnikanie, transformáciu ekonomiky, poradenskú činnosť a perspektívy hospodárskeho rozvoja ČR. 
610 2 0 |a politika finančná 
610 2 0 |a rozpočet štátny 
610 2 0 |a investície zahraničné 
610 2 0 |a Medzinárodný menový fond 
610 2 0 |a privatizácia 
610 2 0 |a demonopolizácia 
610 2 0 |a podnikanie súkromné 
610 2 0 |a transformácia 
610 2 0 |a poradenstvo 
100 1 |a Androsch, H. 
700 1 |a Dolečková, Marie